| 000 | 00898nam a2200265Ia 4500 | ||
|---|---|---|---|
| 003 | GCL | ||
| 008 | 140319s9999 xx 000 0 ara d | ||
| 020 | _a6268009957 | ||
| 040 |
_aGCL / _cGCL |
||
| 082 | 0 | 4 |
_a371.2 _bج ت |
| 100 | 1 | _aجودت احمد سعادة | |
| 245 | 1 | 0 |
_aالتعلم النشط بين النظرية والتطبيق / _cجودت احمد سعادة |
| 700 | 1 | _aفواز عقل | |
| 700 | 1 | _aمجدى زامل | |
| 250 | _aالاولى | ||
| 260 |
_aالاردن : _bدار الشروق للنشر والتوزيع ، _c2006 |
||
| 300 |
_a463 ص ؛ _c24 سم |
||
| 650 | 0 | 4 | _aالتعلم |
| 650 | 0 | 4 | _aالتعليم - تطوير |
| 650 | 0 | 4 | _aالتعليم التعاونى |
| 650 | 0 | 4 | _aالتفكير الابداعى |
| 650 | 0 | 4 | _aالتعليم التعاونى - اغراضه واهدافه |
| 650 | 0 | 4 | _aالتعلم النشط |
| 942 |
_2ddc _cBK |
||
| 999 |
_c10152 _d10152 |
||